| 000 | 00452nmm a22001697a 4500 | ||
|---|---|---|---|
| 005 | 20161129160204.0 | ||
| 008 | 150618b xxu||||| |||| 00| 0 spa d | ||
| 041 | _aspa | ||
| 082 | _aDE 130 | ||
| 100 |
_aMena Romero, María Tatiana _933560 |
||
| 245 | _aManual de Procedimientos Administrativvos | ||
| 260 | _c2014 | ||
| 650 |
_aCOSTA RICA _933561 |
||
| 650 |
_aDIRECCIÓN DE EMPRESAS _917 |
||
| 650 |
_aMANUAL DE PROCEDIMIENTOS _99816 |
||
| 942 | _cIP | ||
| 999 |
_c8658 _d8658 |
||